Same but different #5 - Statistics

General Stats
  • This quiz has been taken 32 times
  • The average score is 11 of 15
Answer Stats
Clues Answer % Correct
A flying mammal, or, a tool to hit the ball, in many sports Bat
96%
You go to the gym to do this, or, you can catch one at Waterloo Station Train
92%
What kids do, or the reason to go to the theatre Play
88%
Wine is said to have this, or, a posh bunch of flowers Bouquet
85%
To dismiss an employee, or, hot orangey thing Fire
85%
The thing that tea does in a teapot, or what a brewery creates Brew
81%
A catchy bit, in a song, or something to hang your coat on? Hook
77%
The 'Big Bad Wolf', said he'll "huff and he'll...", or, a type of flaky pastry Puff
77%
On the periodic table, its Plumbum, or, when used on your pet dog, another word for leash Lead
73%
A main, everyday foodstuff, bread, milk, cheese etc; a piece of wire, shaped like soccer goals, for attaching papers together Staple
73%
On the end of a snooker cue, or a bet 'recommendation' (nudge, nudge) Tip
62%
A young lady, not yet married, or, longing for someone or something Miss
58%
What you might do with 20 Embassy, or, something you may do with bacon? Smoke
58%
An opening, sometimes, very deep in the side of a rock face, or, it is the French word for cellar Cave
54%
A shade of red, or, a 'tart', sharp soft fruit, coulis is made with these Raspberry
54%
No matching quizzes found
Score Distribution
Percent of People with Each Score
Percentile by Number Answered
Your Score History
You have not taken this quiz